LEADER 01045nas a2200253 i 4500 001 000000232922 003 CaOOAMICUS 005 20190314132102.0 008 140908b2014 it uu u0 0mul r 013 $a211825 040 $aSeMil$bita 245 10$a2013 : [1] /$cRivista trimestrale diretta da Cesare Mirabelli, Enrico Vitali. 260 $aPisa ;$aRoma :$bFabrizio Serra,$c2014. 300 $a379 p. ;$c24 cm. 700 1 $aVitali, Enrico,$d<1935- >.$0(OLS)http://semarc/name/16983 700 1 $aMirabelli, Cesare,$d<1942- >.$0(OLS)http://semarc/name/48560 773 0 $tDiritto ecclesiastico.$dRoma : Tipografia Agostiniana, 1922.$x0391-2129$w()16439 774 0 $t[vedi periodico].$w()281581 850 $aSeMil 852 $aSeMil$W1$xVenegono$y1$m182 5 35$j183268$B183268$CSeMilBibl$Z2$F203169 $85 961 $aAbbonamento: Accademia Editoriale 996 $6245$a2013 : [1]$9(OLS)http://semarc/title/334879 996 $6260$aPisa ;$aRoma :$bFabrizio Serra$9(OLS)http://semarc/publisher/34314 LEADER 00869nam a2200193 i 4500 001 000000004325 003 CaOOAMICUS 005 20180830125436.0 008 180830n fr u000 u und u 040 $aSeMil$bita 100 1 $aPatin, Henri Joseph Guillaume <1793-1876>.$0(OLS)http://semarc/name/75394 245 10$aÉtudes sur les tragiques grecs /$cpar M. Patin. 260 $aParis :$bHachette et C.,$c[189-?] 300 $av. ;$c19 cm. 650 4$aTragedia greca.$0(OLS)http://semarc/subject/511 773 0 $tBibliothèque variée.$dParis : Hachette et C., [18-?]$w()20840 774 0 $aPatin, Henri Joseph Guillaume <1793-1876>$tEschyle.$b7. éd.$dParis : Hachette et C., 1890.$kBibliothèque variée$w()181215 996 $6245$aÉtudes sur les tragiques grecs$9(OLS)http://semarc/title/400431 996 $6260$aParis :$bHachette et C.$9(OLS)http://semarc/publisher/31563